[Event "RUS-ch Eurasia Cup op"]
[Site "Ekaterinburg"]
[Date "2018.08.01"]
[Round "1"]
[White "Patrushev, Konstantin"]
[Black "Artemiev, Vladislav"]
[Result "0-1"]
[WhiteElo "2138"]
[BlackElo "2702"]
[PlyCount "70"]
[EventDate "2018.08.01"]
[EventType "swiss"]
[EventRounds "9"]
[EventCountry "RUS"]
[SourceTitle "CBM 185 Extra"]
[Source "ChessBase"]
[SourceDate "2018.07.29"]
[SourceVersion "1"]
[SourceVersionDate "2018.07.29"]
[SourceQuality "1"]

1. d4 d5 2. Nf3 Nf6 3. c4 c6 4. cxd5 cxd5 5. Nc3 Nc6 6. Bf4 Nh5 7. Bd2 e6 8. e3 Bd6 9. Ne5 Nf6 10. f4 0-0 11. Bd3 Ne7 12. 0-0 a6 13. Rf3 b5 14. Rh3 h6 15. Be1 b4 16. Bh4 Ne8 17. Nc6 Qc7 18. Nxe7+ Bxe7 19. Bxe7 Qxe7 20. Ne2 e5 21. Rh5 e4 22. Bc2 f5 23. Nc1 Nf6 24. Rh3 Be6 25. Nb3 Nd7 26. Na5 Rfc8 27. Rg3 Rc7 28. Bb3 Rac8 29. h3 Bf7 30. Kh2 Nf6 31. Qf1 Nh5 32. Qxa6 Kh7 33. Bxd5 Qh4 34. Rg4 fxg4 35. Bxe4+ Kh8 0-1

[Event "Urals-ch 72nd"]
[Site "Tiumen"]
[Date "2014.03.26"]
[Round "7"]
[White "Patrushev, Konstantin"]
[Black "Dvoirys, Semen I"]
[Result "0-1"]
[WhiteElo "2118"]
[BlackElo "2560"]
[PlyCount "170"]
[EventDate "2014.03.20"]
[EventType "swiss"]
[EventRounds "9"]
[EventCountry "RUS"]
[SourceTitle "CBM 159 Extra"]
[Source "ChessBase"]
[SourceDate "2014.04.24"]
[SourceVersion "1"]
[SourceVersionDate "2014.04.24"]
[SourceQuality "1"]

1. d4 Nf6 2. Nf3 g6 3. Bg5 Bg7 4. Nbd2 h6 5. Bh4 d5 6. e3 0-0 7. Bd3 c5 8. c3 b6 9. 0-0 Nc6 10. Qa4 Bb7 11. b4 Qc8 12. bxc5 bxc5 13. Rab1 Nd7 14. e4 cxd4 15. cxd4 Nb6 16. Qa3 e5 17. dxe5 Nxe5 18. Nxe5 Bxe5 19. exd5 Bxd5 20. Bg3 Bxg3 21. fxg3 Re8 22. Bb5 Re6 23. Nf3 Nc4 24. Qc3 Re2 25. Qd4 a6 26. Qxd5 axb5 27. Nd4 Re7 28. Nc6 Rd7 29. Qc5 Qf8 30. Rxb5 Qxc5+ 31. Rxc5 Ne3 32. Ne5 Rd2 33. Rxf7 Rxg2+ 34. Kh1 Rgxa2 35. Rc1 Ng4 36. Re7 Rxh2+ 37. Kg1 Re2 38. Nxg6 Rxe7 39. Nxe7+ Kf7 40. Nf5 Kf6 41. Nxh6 Nxh6 42. Kg2 Ra3 43. Rf1+ Kg5 44. Rf3 Ra5 45. Kh3 Ra2 46. Rb3 Nf5 47. Rc3 Ra8 48. Rb3 Rh8+ 49. Kg2 Rh7 50. Ra3 Rb7 51. Rc3 Nd6 52. Re3 Kg4 53. Kf2 Rb4 54. Re6 Ne4+ 55. Ke3 Kf5 56. Re8 Rb3+ 57. Kd4 Nxg3 58. Rf8+ Kg4 59. Rg8+ Kf4 60. Rf8+ Nf5+ 61. Kc4 Rb1 62. Rh8 Rc1+ 63. Kd5 Rd1+ 64. Kc4 Nd6+ 65. Kc5 Ke5 66. Rh5+ Nf5 67. Kc4 Ke4 68. Rh8 Rc1+ 69. Kb5 Kd5 70. Rd8+ Nd6+ 71. Kb4 Rc6 72. Rd7 Rc8 73. Kb3 Ke5 74. Rh7 Kd4 75. Rd7 Rb8+ 76. Kc2 Rb6 77. Rh7 Ne4 78. Rd7+ Kc4 79. Rc7+ Nc5 80. Kd2 Re6 81. Rg7 Nb3+ 82. Kd1 Nd4 83. Rh7 Re3 84. Rd7 Rd3+ 85. Ke1 Nc2+ 0-1